Устав Коммунистической партии Советского Союза

מידע ביבליוגרפי
סיכום:Утвержден XXII съездом, частичные изменения внесены XXIII и XXIV съездами КПСС.
שפה:רוסית
יצא לאור: Москва, Политиздат, 1984
נושאים:
פורמט: ספר
KOHA link:https://koha.lib.tpu.ru/cgi-bin/koha/opac-detail.pl?biblionumber=232500

MARC

LEADER 00000nam0a2200000 4500
001 232500
005 20231031203331.0
020 |a RU  |b 91-14167 
035 |a (RuTPU)RU\TPU\book\253548 
035 |a RU\TPU\book\245825 
090 |a 232500 
100 |a 20130213d1984 m y0rusy5003 ca 
101 0 |a rus 
102 |a RU 
105 |a y z 000zy 
200 1 |a Устав Коммунистической партии Советского Союза 
210 |a Москва  |c Политиздат  |d 1984 
215 |a 127 с.  |d 10 см. 
300 |a Утвержден XXII съездом, частичные изменения внесены XXIII и XXIV съездами КПСС. 
610 1 |a Коммунистическая партия Советского Союза 
610 1 |a члены партии 
610 1 |a права 
610 1 |a обязанности 
610 1 |a внутрипартийная демократия 
610 1 |a строение 
610 1 |a коммунисты 
610 1 |a денежные средства 
610 1 |a миниатюрные издания 
686 |a У61(2)02  |2 rubbk 
801 0 |a RU  |b RuMRKP  |c 19950417  |g psbo 
801 1 |a RU  |b 63413507  |c 20110915 
801 2 |a RU  |b 63413507  |c 20130213  |g RCR 
942 |c BK